Thủy hử

Αποθηκεύτηκε σε:
Λεπτομέρειες βιβλιογραφικής εγγραφής
Κύριος συγγραφέας: Thi Nại Am
Μορφή: Βιβλίο
Γλώσσα:Undetermined
Έκδοση: H. Văn Học 1999
Θέματα:
Ετικέτες: Προσθήκη ετικέτας
Δεν υπάρχουν, Καταχωρήστε ετικέτα πρώτοι!
Thư viện lưu trữ: Trung tâm Học liệu Trường Đại học Cần Thơ
LEADER 00473nam a2200169Ia 4500
001 CTU_51784
008 210402s9999 xx 000 0 und d
082 |a 895.13 
082 |b A104/T.1 
100 |a Thi Nại Am 
245 0 |a Thủy hử 
245 0 |c Thi Nại Am; Á Nam Trần Tuấn Khải dịch 
260 |a H. 
260 |b Văn Học 
260 |c 1999 
650 |a historical fiction, chinese 
980 |a Trung tâm Học liệu Trường Đại học Cần Thơ